banner koha

Perdas na producao de rabanetes e nabos causados pelos virus do mosaico do nabo e mosaico da couve-flor [Raphanus sativus; Brassica rapa; Parana; Brasil] (Registro n. 106236)

MARC details
000 -LÍDER
campo de controle de tamanho fixo 01115nas a2200301 4500
001 - NÚMERO DE CONTROLE
campo de controle BR8101912
003 - IDENTIFICADOR DO NÚMERO DE CONTROLE
campo de controle BR-BrBNA
005 - DATA E HORÁRIO DA ÚLTIMA TRANSAÇÃO
campo de controle 20231205084617.0
007 - CAMPO FIXO DE DESCRIÇÃO FÍSICA--INFORMAÇÃO GERAL
campo de controle de tamanho fixo ta
008 - CAMPO DE DADOS FIXOS--INFORMAÇÃO GERAL
campo de controle de tamanho fixo 230509b bl.|||p| |||| 00| 00por d
040 ## - FONTE DA CATALOGAÇÃO
Instituição da catalogação original BR-BrBNA
Idioma da catalogação por
Instituição que transcreveu o registro Biblioteca Nacional de Agricultura
041 ## - CÓDIGO DE IDIOMA
Código do idioma do texto/trilha sonora ou título diferente (Pt)
072 ## - CÓDIGO DE CATEGORIA DE ASSUNTO
Código de Categoria de Assunto H20
100 1# - ENTRADA PRINCIPAL--NOME PESSOAL
Nome pessoal Lima, M.L.R.Z. da
100 1# - ENTRADA PRINCIPAL--NOME PESSOAL
Nome pessoal Costa, A.S.
100 1# - ENTRADA PRINCIPAL--NOME PESSOAL
Nome pessoal Koehler, H.S.
245 1# - TÍTULO
Título Perdas na producao de rabanetes e nabos causados pelos virus do mosaico do nabo e mosaico da couve-flor [Raphanus sativus; Brassica rapa; Parana; Brasil]
Restante do título Parte de tese
246 1# - FORMA VARIANTE DO TÍTULO
Título/título abreviado YIELD LOSSES INDUCED BY Turnip mosaic Virus and Cauliflower mosaic Virus for radish and turnip varieties [Raphanus sativus; Brassica rapa; Parana; Brazil]
Restante do título [Part of thesis]
650 ## - ASSUNTO--TERMO TÓPICO
Cabeçalho tópico ou nome geográfico Doenca de planta
650 ## - ASSUNTO--TERMO TÓPICO
Cabeçalho tópico ou nome geográfico Nabo
650 ## - ASSUNTO--TERMO TÓPICO
Cabeçalho tópico ou nome geográfico Rabanete
650 ## - ASSUNTO--TERMO TÓPICO
Cabeçalho tópico ou nome geográfico Couve-flor
650 ## - ASSUNTO--TERMO TÓPICO
Cabeçalho tópico ou nome geográfico Virus
650 ## - ASSUNTO--TERMO TÓPICO
Cabeçalho tópico ou nome geográfico Mosaico
773 0# - ENTRADA ANALÍTICA
Título Revista do Setor de Ciencias Agrarias (Brazil)
ISSN - International Standard Serial Number ISSN 0100-607X
Partes relacionadas (Jan 1980), v. 2(1) p. 23-28
Número de controle do registro BR8101912
909 ## -
-- 202311
-- Lúcia
-- 55
-- Lúcia Elande
942 ## - ELEMENTOS DE ENTRADA ADICIONADOS (KOHA)
Fonte da classificação ou esquema de arquivamento na estante Classificação AGRIS
Ocultar no OPAC Não
Tipo de material Koha Analítica
Exemplares
Situação do descarte Fonte da classificação ou esquema de arquivamento na estante Situação física Não pode ser emprestado Biblioteca de origem Biblioteca atual Localização na estante Enumeração do periódico / cronologia Total de empréstimos Data de último acesso Número do exemplar Tipo de material Koha Fonte de aquisição
  Classificação AGRIS   Consulta local Biblioteca Nacional de Agricultura - Binagri Biblioteca Nacional de Agricultura - Binagri   (Jan 1980), v. 2(1) p. 23-28   29/11/2023 01 Periódicos Portaria Interministerial nº 164/94

BINAGRI

Telefone: (61)3218-2567/2388/3357/2097 - binagri@agro.gov.br

Ministério da Agricultura e Pecuária , Esplanada dos Ministérios, Bloco D, Anexo B, Brasília/DF, CEP: 70.043-900